01589nam a22001697a 4500020001800000041001300018082001600031245011200047260004700159300001000206504002000216520110300236546001301339650002201352650002001374700002501394 a9781137427496 aEnglish. a659.2bWES- aWestern European perspectives on the development of public relations :bother voices/cEdited by T. Watson  aBasingstoke :bPalgrave Macmillan, c2015. a174p. aIncludes Index. aThe history of public relations has long been presented in a corporatist Anglo-American framework. The National Perspectives on the Development of Public Relations: Other Voices series is the first to offer an authentic world-wide view of the history of public relations freed from those influences. The series will feature six books, five of which cover continental and regional groups including (Book 1) Asia and Australasia, (Book 2) Eastern Europe and Russia, (Book 3) Middle East and Africa, (Book 4) Latin America and Caribbean and (Book 5) Western Europe. The sixth book will have essays on new and revised historiographical and theoretical approaches. Written by leading national public relations historians and scholars, some histories of national public relations development are offered for the first time while others are reinterpreted in a more authentic style. The National Perspectives on the Development of Public Relations: Other Voices series makes a major contribution to the wider knowledge of PR's history and aids formation of new historiographical and theoretical approaches. aEnglish. aPublic relations. aWestern Europe. aWatson, Tomeeditor.